| 000 | 00553nam a2200205Ia 4500 | ||
|---|---|---|---|
| 001 | 13938 | ||
| 003 | GE_BSU | ||
| 008 | 181216s||||||||xx |||||||||||||| ||und|| | ||
| 040 | _cGE_BSU | ||
| 245 | _aХимия и жизнь-XX век. №11. 2014 | ||
| 245 | _cГл.ред.Стельникова Л.Н. | ||
| 260 | _aМосква | ||
| 260 | _bХимия и жизнь | ||
| 260 | _c2014 | ||
| 300 | _a64стр.28см. | ||
| 653 | _aПериодика | ||
| 653 | _aХимия и жизнь | ||
| 653 | _aპერიოდიკა | ||
| 942 | _cCR | ||
| 999 |
_c47081 _d47081 |
||